Fifa 21 Top 25 Belgium Players - Statistics

General Stats
  • This quiz has been taken 235 times
  • The average score is 16 of 25
Answer Stats
Rating Team Player % Correct
91 Manchester City Kevin De Bruyne
100%
88 Real Madrid Eden Hazard
99%
83 Borussia Dortmund Thorgan Hazard
99%
89 Real Madrid Thibaut Courtois
97%
85 Inter Milan Romelu Lukaku
92%
85 Napoli Dries Mertens
90%
84 Borussia Dortmund Axel Witsel
87%
85 Tottenham Hotspur Toby Alderweireld
83%
83 SL Benfica Jan Vertonghen
82%
82 Atletico Madrid Yannick Carrasco
77%
81 Leicester City Youri Tielemans
75%
83 VFL Wolfsburg Koen Casteels
65%
81 Borussia Dortmund Thomas Meunier
65%
83 Cagliari Radja Nainggolan
57%
81 Club Brugge Simon Mignolet
52%
80 Real Sociedad Adnan Januzaj
50%
78 Club Brugge Hans Vanaken
49%
78 Wolves Leander Dendoncker
49%
78 Brighton & Hove Albion Leandro Trossard
47%
77 Leicester City Timothy Castagne
47%
79 Olympique Lyon Jason Denayer
43%
80 Guangzhou R&F Mousa Dembele
42%
78 Crystal Palace Michy Batshuayi
40%
78 Istanbul Basaksehir Nacer Chadli
29%
79 RC Strasbourg Matz Sels
28%
No matching quizzes found
Score Distribution
Percent of People with Each Score
Percentile by Number Answered
Your Score History
You have not taken this quiz